| 000 | 00546nam a22001577a 4500 | ||
|---|---|---|---|
| 003 | macl | ||
| 005 | 20240511125026.0 | ||
| 008 | 240511b |||||||| |||| 00| 0 eng d | ||
| 040 | _cmacl | ||
| 082 | _a530 | ||
| 100 |
_aश्रीवास्तव,प्रदीप कुमार _982357 |
||
| 245 | _aहम क्या समझते हैं... | ||
| 260 |
_aभोपाल _bआईसेक्ट पब्लिकेशन _c2022 |
||
| 650 |
_aभाैैतिकी विज्ञान _982358 |
||
| 942 |
_2ddc _cHIN |
||
| 999 |
_c66830 _d66830 |
||